000 00604nam a22002177a 4500
003 UA-OsUOA
001 108542
007 ta
008 20141027b un ||||| |||| 00| 0 ukr d
100 _aСюндюков І.
090 _a82
_bС98
942 _cSA
040 _aUA-OsUOA
_bukr
_cUA-OsUOA
_dUA-OsUOA
245 _aУкраїна як простір душі. Дитинство та родовід Лесі Українки
300 _aС.11
955 _a0
041 _aukr
080 _a82
773 0 _w108541
650 7 _a82 Література. Літературознавство
_2UDC
999 _c395017
_d395017